Estados de México - ¡Muerte Súbita! - Estadísticas

Estadísticas generales
  • Esta prueba ha sido intentada 61 veces
  • La puntuación promedio es 12 de 14
Answers on the Grid
Answers color-coded by a green-red scale on the quiz's grid according to % correct below.
Chiapas
Chihuahua
Oaxaca
Nuevo León
Sinaloa
Tabasco
San Luis Potosí
Yucatán
Michoacán de Ocampo
Ciudad de México
Campeche
Aguascalientes
Baja California
Sonora
La Rioja
Mendoza
Chaco
Llanquihue
Última Esperanza
Nuevo Mexico
Perreirahua
 
Estadísticas de respuestas
Respuesta % Correcto
Chihuahua
94%
Ciudad de México
92%
Nuevo León
90%
Sinaloa
90%
Yucatán
88%
Baja California
86%
Oaxaca
86%
Aguascalientes
84%
Chiapas
84%
Sonora
84%
Tabasco
84%
San Luis Potosí
80%
Michoacán de Ocampo
74%
Campeche
70%
No se encontraron pruebas coincidentes
Distribución de puntuación
Porcentaje de gente con cada puntuación
Porcentaje por número respondido
Historial de tus puntuaciones
No has intentado esta prueba.